000 00600nam a2200241 a 4500
001 nice12345678
003 IN_TiNIC
005 20260116014223.0
008 050524s2005 dela grp 000 0 eng
020 _a8183249
_c695
082 0 0 _a274
_bSAJ
100 _aSaji, Tina
245 _aChristian Social Reformers
260 _aDelhi
_bMittal Publication
_c2005
300 _a332p
500 _aincludes index and biblioraphy
505 2 _aBibliography, Index
650 _aReformation-Church History
700 1 _aSaji, Tina
902 _bSRS
942 _cBK
999 _c14383
_d14383